<?xml version="1.0" encoding="UTF-8"?><?xml-stylesheet type="text/xsl" href="static/style.xsl"?><OAI-PMH xmlns="http://www.openarchives.org/OAI/2.0/" xmlns:xsi="http://www.w3.org/2001/XMLSchema-instance" xsi:schemaLocation="http://www.openarchives.org/OAI/2.0/ http://www.openarchives.org/OAI/2.0/OAI-PMH.xsd"><responseDate>2026-04-17T05:49:53Z</responseDate><request verb="GetRecord" identifier="oai:www.recercat.cat:2099.1/11967" metadataPrefix="marc">https://recercat.cat/oai/request</request><GetRecord><record><header><identifier>oai:recercat.cat:2099.1/11967</identifier><datestamp>2025-07-17T16:38:19Z</datestamp><setSpec>com_2072_1033</setSpec><setSpec>col_2072_452951</setSpec></header><metadata><record xmlns="http://www.loc.gov/MARC21/slim" xmlns:dcterms="http://purl.org/dc/terms/" xmlns:xsi="http://www.w3.org/2001/XMLSchema-instance" xmlns:doc="http://www.lyncode.com/xoai" xsi:schemaLocation="http://www.loc.gov/MARC21/slim http://www.loc.gov/standards/marcxml/schema/MARC21slim.xsd">
   <leader>00925njm 22002777a 4500</leader>
   <datafield ind2=" " ind1=" " tag="042">
      <subfield code="a">dc</subfield>
   </datafield>
   <datafield ind2=" " ind1=" " tag="720">
      <subfield code="a">Brunet Campeny, Joan</subfield>
      <subfield code="e">author</subfield>
   </datafield>
   <datafield ind2=" " ind1=" " tag="260">
      <subfield code="c">2010-02</subfield>
   </datafield>
   <datafield ind2=" " ind1=" " tag="520">
      <subfield code="a">El projecte contempla el disseny i la implantació d’un Sistema de Gestió de&#xd;
Prevenció de Riscos Laborals (SGPRL) per qualsevol institut d’educació&#xd;
secundària del sistema públic.&#xd;
Per a l’elaboració del SGPRL s’ha utilitzat com a base la norma de reconegut&#xd;
prestigi OHSAS 18001/99 (Occupational Health and Safety Management&#xd;
Systems). El SGPRL dissenyat és compatible amb el Pla de Prevenció de l’Ens&#xd;
Públic que gestiona la xarxa de centres educatius.&#xd;
S’ha realitzat una avaluació inicial dels aspectes de seguretat i salut, analitzant el&#xd;
grau d’adequació a la legislació vigent, així com el funcionament del Servei de&#xd;
Prevenció Propi.&#xd;
A continuació s’ha dissenyat un sistema de gestió adequat a l’institut, que recull&#xd;
la política preventiva, l’organització necessària, els processos preventius i la seva&#xd;
integració en totes les àrees de l’institut. Tot això, tenint en compte la missió del&#xd;
centre que ha d’impregnar a l’alumnat (futurs treballadors/es) els valors de&#xd;
seguretat i salut en tots els àmbits educatius.</subfield>
   </datafield>
   <datafield tag="653" ind2=" " ind1=" ">
      <subfield code="a">Àrees temàtiques de la UPC::Edificació::Seguretat en la construcció</subfield>
   </datafield>
   <datafield tag="653" ind2=" " ind1=" ">
      <subfield code="a">Building--Safety measures</subfield>
   </datafield>
   <datafield tag="653" ind2=" " ind1=" ">
      <subfield code="a">Seguretat en el treball -- Educació secundària</subfield>
   </datafield>
   <datafield tag="653" ind2=" " ind1=" ">
      <subfield code="a">Escoles -- Mesures de seguretat</subfield>
   </datafield>
   <datafield ind2="0" ind1="0" tag="245">
      <subfield code="a">Manual de gestió per a la integració de la prevenció de riscos en un institut de secundària del sistema educatiu públic</subfield>
   </datafield>
</record></metadata></record></GetRecord></OAI-PMH>